Brand global, adapt local (Record no. 4850)

MARC details
000 -CABECERA
campo de control de longitud fija 02199nam a22002177a 4500
008 - DATOS DE LONGITUD FIJA--INFORMACIÓN GENERAL
campo de control de longitud fija 250711b |||||||| |||| 00| 0 eng d
020 ## - NÚMERO INTERNACIONAL ESTÁNDAR DEL LIBRO
Número Internacional Estándar del Libro 9781398619715
040 ## - FUENTE DE LA CATALOGACIÓN
Centro/agencia transcriptor TBS
041 ## - CÓDIGO DE LENGUA
Código de lengua del texto/banda sonora o título independiente eng
050 ## - SIGNATURA TOPOGRÁFICA DE LA BIBLIOTECA DEL CONGRESO
Número de clasificación HD69.B7
100 ## - ENTRADA PRINCIPAL--NOMBRE DE PERSONA
Nombre de persona Melchior Ray, Katherine
9 (RLIN) 25740
Término indicativo de función/relación author
245 ## - MENCIÓN DE TÍTULO
Título Brand global, adapt local
Resto del título : how to build brand value across cultures
Mención de responsabilidad, etc. / Katherine Melchior Ray with Nataly Kelly.
260 ## - PUBLICACIÓN, DISTRIBUCIÓN, ETC.
Lugar de publicación, distribución, etc. London ;
-- New York, NY,
Nombre del editor, distribuidor, etc. Kogan Page,
Fecha de publicación, distribución, etc. 2025.
300 ## - DESCRIPCIÓN FÍSICA
Extensión 273 pages :
Otras características físicas illustrations, charts (black and white) ;
Dimensiones 24 cm.
520 ## - SUMARIO, ETC.
Sumario, etc. Building global brands provides companies with access to new markets, new opportunities and new ideas that can stimulate innovation and diversify revenue streams. However, with new opportunities comes additional challenges that marketers need to navigate in order to build an international brand.<br/><br/>If a brand wants to thrive in an international market, it needs to understand the different consumers and the nuances of the cultures in which they live. The best brands in the world do this by remaining relentlessly curious about their customers and their markets, immersing themselves in the culture and embracing new and different ways of seeing, understanding and being. Learn how to develop this global mindset and how to build this into your marketing strategy from some of the world's leading global brands such as Nike, LVMH, Nestlé, Shiseido, Natura and Marriott. This book explores the challenges these brands faced across international markets and how they balance remaining true to their brand values with creating local resonance.<br/><br/>Covering everything from how applying cultural understanding to interpreting data delivers exceptional consumer insight to how you can localize campaigns without losing the core brand identity, this book delivers all you need to know about scaling a brand globally packed full of powerful insight from leading marketers.
650 #0 - PUNTO DE ACCESO ADICIONAL DE MATERIA--TÉRMINO DE MATERIA
Término de materia o nombre geográfico como elemento de entrada Brand name products
Subdivisión general Management
-- Cross-cultural studies
9 (RLIN) 25741
650 #0 - PUNTO DE ACCESO ADICIONAL DE MATERIA--TÉRMINO DE MATERIA
Término de materia o nombre geográfico como elemento de entrada Branding (Marketing)
Subdivisión general Cross-cultural studies
9 (RLIN) 25742
650 #0 - PUNTO DE ACCESO ADICIONAL DE MATERIA--TÉRMINO DE MATERIA
Término de materia o nombre geográfico como elemento de entrada Product management
Subdivisión general Cross-cultural studies
9 (RLIN) 25743
700 ## - ENTRADA AGREGADA--NOMBRE PERSONAL
Nombre de persona Kelly, Nataly
Fechas asociadas al nombre 1975-
9 (RLIN) 25744
Término indicativo de función/relación author
942 ## - ELEMENTOS DE ENTRADA AGREGADA (KOHA)
Fuente del sistema de clasificación o colocación Clasificación de Library of Congress
Holdings
Estado de retiro Estado de pérdida Fuente del sistema de clasificación o colocación Estado dañado No para préstamo Biblioteca de origen Biblioteca actual Fecha de adquisición Total de préstamos Signatura topográfica completa Código de barras Fecha visto por última vez Número de copia Precio válido a partir de Tipo de ítem Koha
    Clasificación de Library of Congress     TBS Barcelona TBS Barcelona 11/07/2025   HD69.B7 MEL B07588 11/07/2025 1 11/07/2025 Book

Powered by Koha